000 01078cam a22002294a 4500
005 20250605164251.0
008 250528s ||||||||||||||||||||||||d
035 _a21737
020 _a9789602186084
040 _aGR-AtMCL
_bgre
_dGR-AtMCL
_eAACR2
245 1 _aΒΑΣΙΚΕΣ ΓΝΩΣΕΙΣ ΨΥΧΟΛΟΓΙΑΣ ΓΙΑ ΕΠΑΓΓΕΛΜΑΤΙΕΣ ΥΓΕΙΑΣ
250 _a1
260 _bΚριτική,
_c2008
300 _a302
505 0 _aΥΓΕΙΑΣ ΘΕΩΡΙΕΣ ΠΡΟΣΩΠΙΚΟΤΗΤΑΣ ΓΝΩΣΙΑΚΗ ΠΡΟΣΕΓΓΙΣΗ ΑΝΘΡΩΠΙΣΤΙΚΗ ΠΡΟΣΕΓΓΙΣΗ ΣΥΜΠΕΡΙΦΟΡΙΚΗ ΠΡΟΣΕΓΓΙΣΗ ΣΥΣΤΗΜΙΚΗ ΠΡΟΣΕΓΓΙΣΗ
520 _aΥΓΕΙΑΣ ΘΕΩΡΙΕΣ ΠΡΟΣΩΠΙΚΟΤΗΤΑΣ ΓΝΩΣΙΑΚΗ ΠΡΟΣΕΓΓΙΣΗ ΑΝΘΡΩΠΙΣΤΙΚΗ ΠΡΟΣΕΓΓΙΣΗ ΣΥΜΠΕΡΙΦΟΡΙΚΗ ΠΡΟΣΕΓΓΙΣΗ ΣΥΣΤΗΜΙΚΗ ΠΡΟΣΕΓΓΙΣΗ
700 1 _aΜπελλακη Θαλεια
_97666
700 1 _aΠαπαδατου Δαναη
942 _cBK
999 _c6796
_d6796